000 00885nas a2200277 4500
001 BR2010000942
003 BR-BrBNA
005 20231205113916.0
007 ta
008 230509b bl.|||p| |||| 00| 00por d
040 _aBR-BrBNA
_bpor
_cBiblioteca Nacional de Agricultura
041 _a(Pt)
072 _aK50
100 1 _aSantos, R.C. dos
100 1 _aMendes, L.M.
100 1 _aMori, F.A.
100 1 _aMendes, R.F.
245 1 _aChapas de partículas aglomeradas produzidas a partir de resíduos gerados após a extração do óleo da madeira de candeia (Eremanthus erythropappus)
650 _aCANDEIA
650 _aMADEIRA
650 _aCHAPA DE PARTÍCULAS
650 _aRESÍDUO
773 0 _tScientia Forestalis (Brazil)
_xISSN 1413-9324
_g(Dec 2009), v. 37(84) p. 437-446
_wBR2010000942
909 _a202311
_bLúcia
_c55
_dLúcia Elande
942 _2AGRIS
_n0
_cANA
999 _c206234
_d206234